00831nam a22002297a 450000100040000000500170000402000180002104000370003905000170007608200080009310000550010124500340015625000470019026000360023730000230027350500090029652001310030552100200043652100190045665000630047565000630053897520250227142356.0 a9780439156103 aDLCbengcODaWUdOCoLCdKPTdDLC00aPZ7.B879bBi a8131 aBuck, Pearl S.q(Pearl Sydenstricker),d1892-1973.14aThe big wave /cPearl S. Buck aFirst Scholastic printing, November 1999.  aNew York :bScholastic,c1999.  a57 pages :c20 cm  aT  aHis family and village swept away by a tidal wave, Jiya learns to live with the ever-present dangers from the sea and volcano. a790 bLexile  aT bRaz-Plus  anatural disastersvhistorical fictionxadventurey tsunami anatural disastersvhistorical fictionxadventurey tsunami